La generación del 27 (Record no. 179067)

MARC details
000 -LEADER
campo de control de longitud fija 01241nam a2200301 i 4500
001 - NÚMERO DE CONTROL
campo de control 179067
003 - IDENTIFICADOR DE NÚMERO DE CONTROL
campo de control ES-MaACL
005 - FECHA Y HORA DE LA ÚLTIMA TRANSACCIÓN
campo de control 20240129115658.0
008 - DATOS DE LONGITUD FIJA--INFORMACIÓN GENERAL
campo de control de longitud fija 110826s2009 sp acop |||| |dspa d
020 ## - NÚMERO INTERNACIONAL ESTÁNDAR DEL LIBRO
Número Internacional Estándar del Libro 978-84-92827-11-4
020 ## - NÚMERO INTERNACIONAL ESTÁNDAR DEL LIBRO
Número Internacional Estándar del Libro 978-84-95078-72-8
020 ## - NÚMERO INTERNACIONAL ESTÁNDAR DEL LIBRO
Número Internacional Estándar del Libro 978-84-8266-936-6
080 ## - NÚMERO DE LA CLASIFICACIÓN DECIMAL UNIVERSAL
Número de la Clasificación Decimal Universal 821.134.2"19"(060.64)
245 03 - MENCIÓN DEL TÍTULO
Título La generación del 27
Resto del título : ¿aquel momento ya es una leyenda? /
Mención de responsabilidad, etc. edición de Andrés Soria Olmedo.
260 ## - PUBLICACIÓN, DISTRIBUCIÓN, ETC.
Lugar de publicación, distribución, etc. Madrid :
Nombre del editor, distribuidor, etc. Sociedad Estatal de Conmemoraciones Culturales :
-- Residencia de Estudiantes ;
Lugar de publicación, distribución, etc. Sevilla :
Nombre del editor, distribuidor, etc. Junta de Andalucía,
Fecha de publicación, distribución, etc. [2009]
300 ## - DESCRIPCIÓN FÍSICA
Extensión 290 p. :
Otras características físicas il. col. y n., fot. ;
Dimensiones 24 cm.
500 ## - NOTA GENERAL
Nota general Índice onomástico.
504 ## - NOTA DE BIBLIOGRAFÍA, ETC.
Nota de bibliografía, etc. Referencias bibliográficas.
650 ## - PUNTO DE ACCESO ADICIONAL DE MATERIA--TÉRMINO DE MATERIA
Término de materia o nombre geográfico como elemento de entrada Generación del 27 (Literatura)-
Subdivisión de forma Exposiciones.
9 (RLIN) 147781
655 #7 - TERMINO DE INDIZACIÓN--GENERO/FORMA
Fuente del término tgfbne
9 (RLIN) 193628
Datos o término principal de género/forma Catálogos de exposiciones
700 1# - ENTRADA AGREGADA--NOMBRE PERSONAL
Nombre de persona Soria Olmedo, Andrés.
9 (RLIN) 107368
710 2# - ENTRADA AGREGADA--NOMBRE DE ENTIDAD CORPORATIVA
Nombre de entidad corporativa o nombre de jurisdicción como elemento de entrada Sociedad Estatal de Conmemoraciones Culturales (España)
9 (RLIN) 134893
710 2# - ENTRADA AGREGADA--NOMBRE DE ENTIDAD CORPORATIVA
Nombre de entidad corporativa o nombre de jurisdicción como elemento de entrada Residencia de Estudiantes (Madrid)
9 (RLIN) 6437
710 1# - ENTRADA AGREGADA--NOMBRE DE ENTIDAD CORPORATIVA
Nombre de entidad corporativa o nombre de jurisdicción como elemento de entrada Andalucía.
Unidad subordinada Junta.
9 (RLIN) 1396
852 1# - LOCALIZACIÓN
Ubicación BA
itemnumber 185936
Número de control de estantería A-11456
Sublocalización o colección R.146350
Signatura antigua Olim: N-4460
Ubicación en estantería Depósito 1
942 ## - ELEMENTOS DE ENTRADA SECUNDARIOS (KOHA)
Fuente del sistema de clasificación o colocación Clasificación decimal universal
Tipo de ítem Koha Libro impreso
Holdings
Estatus retirado Estado de pérdida Fuente del sistema de clasificación o colocación Estado de daño No para préstamo Biblioteca de origen Biblioteca actual Ubicación en estantería Fecha de adquisición Fuente de adquisición Total de préstamos Signatura topográfica completa Código de barras Visto por última vez Precio de reemplazo Tipo de ítem Koha
    Clasificación decimal universal     Biblioteca del Ateneo de Madrid Biblioteca del Ateneo de Madrid Depósito 1 26/08/2011 Compra   A-11456 1188100 23/02/2023 23/02/2023 Libro impreso